00646 2200205 4500001002100000005001500021035002000036007000300056008003900059082001000098084001600108100001700124245015900141260005300300300004200353650001100395650001000406650001100416022001300427INLIS00000000000100120240923084252 a0010-0924000079ta240923 | | |  a632.5 a632.5 NUR c0 aNursa’adah1 aComparison of several weed control and tillage techniques in suppressing weeds and increasing maize production for integrated weed control /cNursa’adah aUnited Kingdom, Bristol :bIOP Publishing,c2024 a1-10 hlm, :bilus, ;c21 cm X 29,5 cm 4aJurnal 4aGulma 4aJagung a17551315